[Event "EU-Cup 34th"]
[Site "Porto Carras"]
[Date "2018.10.15"]
[Round "4.5"]
[White "Ledger, Dave J"]
[Black "Willis, Rupert"]
[Result "1-0"]
[WhiteElo "2168"]
[BlackElo "2131"]
[PlyCount "75"]
[EventDate "2018.10.12"]
[EventType "team-swiss"]
[EventRounds "7"]
[EventCountry "GRE"]
[SourceTitle "CBM 187"]
[Source "ChessBase"]
[SourceDate "2018.12.11"]
[SourceVersion "1"]
[SourceVersionDate "2018.12.11"]
[SourceQuality "1"]
[WhiteTeam "Blackthorne Russia"]
[BlackTeam "Grantham Sharks"]
[WhiteTeamCountry "ENG"]
[BlackTeamCountry "ENG"]

1. e4 e6 2. d4 d5 3. Nc3 Nc6 4. Nf3 Nf6 5. Bd3 Bb4 6. 0-0 Bxc3 7. exd5 Bxd4 8. dxc6 Bb6 9. a4 bxc6 10. Qe2 a5 11. b3 Bc5 12. Bb2 Bd6 13. Ne5 Bb7 14. Rad1 0-0 15. Qf3 Qe8 16. Rfe1 Rb8 17. Nc4 Qe7 18. Nxa5 Ba8 19. Nxc6 Bxc6 20. Qxc6 Nd5 21. Be4 Rb6 22. Qc4 Rb4 23. Qd3 Nf4 24. Qf3 f5 25. Bc6 Qg5 26. Bc3 Nxg2 27. Qxg2 Rg4 28. Rxe6 Rxg2+ 29. Bxg2 Qh5 30. Rd3 Qxh2+ 31. Kf1 Qf4 32. Rg3 Rf7 33. Re8+ Bf8 34. Bd5 g6 35. Rge3 Qd6 36. Rd3 Qd7 37. Bxf7+ Qxf7 38. Rdd8 1-0

[Event "EU-Cup 34th"]
[Site "Porto Carras"]
[Date "2018.10.12"]
[Round "1.5"]
[White "Willis, Rupert"]
[Black "Polzin, Rainer"]
[Result "0-1"]
[WhiteElo "2131"]
[BlackElo "2397"]
[PlyCount "108"]
[EventDate "2018.10.12"]
[EventType "team-swiss"]
[EventRounds "7"]
[EventCountry "GRE"]
[SourceTitle "CBM 187"]
[Source "ChessBase"]
[SourceDate "2018.12.11"]
[SourceVersion "1"]
[SourceVersionDate "2018.12.11"]
[SourceQuality "1"]
[WhiteTeam "Grantham Sharks"]
[BlackTeam "Berlin SF"]
[WhiteTeamCountry "ENG"]
[BlackTeamCountry "GER"]

1. c4 g6 2. g3 Bg7 3. Bg2 Nf6 4. Nc3 0-0 5. Rb1 c6 6. e4 d5 7. cxd5 cxd5 8. e5 Ne4 9. d4 Bf5 10. Nxe4 dxe4 11. Ne2 Qa5+ 12. b4 Qxa2 13. Be3 Rd8 14. Qb3 Qxb3 15. Rxb3 Nc6 16. h3 h5 17. 0-0 f6 18. b5 Na5 19. Rb4 Rac8 20. d5 fxe5 21. g4 hxg4 22. hxg4 Bxg4 23. Ng3 Rc4 24. Rfb1 b6 25. Bxe4 Kf7 26. Bg2 Rdc8 27. Ne4 Rxb4 28. Rxb4 Bf5 29. Nd2 Rc3 30. Bf1 Bd3 31. Bh3 Nc4 32. Nxc4 Rxc4 33. Rb3 Be4 34. Be6+ Kf6 35. Ra3 Rc7 36. f4 Bf5 37. fxe5+ Kxe5 38. Ra4 Bxe6 39. Bf4+ Kxd5 40. Bxc7 Bd7 41. Rxa7 Bd4+ 42. Kg2 Bxb5 43. Bd8 e5 44. Rb7 Kc6 45. Rc7+ Kd6 46. Rg7 Bd3 47. Be7+ Kd5 48. Bb4 Kc4 49. Bd2 b5 50. Rc7+ Kb3 51. Kf3 b4 52. Rb7 e4+ 53. Kf4 Bc5 54. Be3 g5+ 0-1

[Event "BCF-chT1a 1718 (4NCL)"]
[Site "England"]
[Date "2018.02.10"]
[Round "5.47"]
[White "Bellin, Jana"]
[Black "Willis, Rupert"]
[Result "0-1"]
[WhiteElo "2056"]
[BlackElo "2163"]
[PlyCount "140"]
[EventDate "2017.11.11"]
[EventType "team-swiss"]
[EventRounds "11"]
[EventCountry "ENG"]
[SourceTitle "EXT 2019"]
[Source "ChessBase"]
[SourceDate "2018.10.10"]
[SourceVersion "1"]
[SourceVersionDate "2018.10.10"]
[SourceQuality "1"]
[WhiteTeam "The ADS"]
[BlackTeam "Grantham Sharks"]
[WhiteTeamCountry "ENG"]
[BlackTeamCountry "ENG"]

1. d4 Nf6 2. Nf3 c5 3. c3 e6 4. e3 d5 5. Bd3 Nc6 6. Nbd2 Be7 7. 0-0 0-0 8. Ne5 Nd7 9. f4 f5 10. Ndf3 Ndxe5 11. Nxe5 Nxe5 12. fxe5 Bd7 13. Bd2 b5 14. b4 c4 15. Bc2 a5 16. a3 Qe8 17. Qf3 Qg6 18. h3 h5 19. g3 Ra7 20. Rad1 Qe8 21. h4 Qg6 22. Kh2 axb4 23. axb4 Ra2 24. Bb1 Rb2 25. Rf2 Qg4 26. Qxg4 hxg4 27. Be1 Rxf2+ 28. Bxf2 Ra8 29. Kg2 Be8 30. Be1 g5 31. hxg5 Bxg5 32. Kf2 Bg6 33. Bd2 Ra3 34. Bc2 Ra2 35. Rc1 Kg7 36. Ke2 Bh6 37. Kd1 Bg5 38. Ke2 Be7 39. Kd1 Bd8 40. Bb1 Rb2 41. Bc2 Ra2 42. Bb1 Ra1 43. Bc2 Ra3 44. Ke2 Ra2 45. Kd1 Be7 46. Bb1 Ra8 47. Ke2 Ra1 48. Kd1 f4 49. Bxg6 Rxc1+ 50. Bxc1 fxg3 51. Be4 dxe4 52. Ke2 Bh4 53. Kf1 g2+ 54. Kxg2 Be1 55. Bb2 Kg6 56. Kf1 Bd2 57. Kf2 Kf5 58. Ba1 Bc1 59. Ke2 g3 60. Kf1 Bxe3 61. Kg2 Kg4 62. Bb2 Bd2 63. d5 exd5 64. e6 Bg5 65. Bc1 Be7 66. Be3 Kf5 67. Kxg3 Kxe6 68. Kg4 Bf6 69. Bd2 d4 70. cxd4 Bxd4 0-1

[Event "BCF-chT2a 1617 (4NCL)"]
[Site "England"]
[Date "2017.01.14"]
[Round "3.26"]
[White "Bullen, Alex"]
[Black "Willis, Rupert"]
[Result "0-1"]
[WhiteElo "2098"]
[BlackElo "2169"]
[PlyCount "66"]
[EventDate "2016.11.19"]
[EventType "team-tourn"]
[EventRounds "11"]
[EventCountry "ENG"]
[SourceTitle "EXT 2019"]
[Source "ChessBase"]
[SourceDate "2018.10.10"]
[SourceVersion "1"]
[SourceVersionDate "2018.10.10"]
[SourceQuality "1"]
[WhiteTeam "West is Best"]
[BlackTeam "Grantham Sharks II"]
[WhiteTeamCountry "ENG"]
[BlackTeamCountry "ENG"]

1. e4 e6 2. d4 d5 3. Nc3 Nc6 4. e5 f6 5. Bb5 Bd7 6. Nf3 Qe7 7. 0-0 Qf7 8. Re1 0-0-0 9. a4 Bb4 10. Bxc6 Bxc6 11. Bd2 Kb8 12. Nb5 Bxd2 13. Qxd2 Ne7 14. Re3 Nc8 15. Rc3 a6 16. Rca3 Nb6 17. Qb4 Rhf8 18. Nc3 Nc4 19. Rb3 a5 20. Qc5 Qd7 21. exf6 gxf6 22. Rd1 b6 23. Ne5 fxe5 24. dxe5 Qf7 25. Ne2 Bb7 26. Qd4 Qh5 27. Re1 c5 28. Qc3 Qf5 29. f4 Rg8 30. g3 Ka7 31. Rb5 Qe4 32. Nc1 Qxf4 33. b3 Qd2 0-1

[Event "BCF-chT2c 1516 (4NCL)"]
[Site "England"]
[Date "2016.05.01"]
[Round "10.244"]
[White "Hosken, Nigel"]
[Black "Willis, Rupert"]
[Result "0-1"]
[WhiteElo "2099"]
[BlackElo "2157"]
[PlyCount "90"]
[EventDate "2015.11.14"]
[EventType "team-swiss"]
[EventRounds "11"]
[EventCountry "ENG"]
[SourceTitle "EXT 2017"]
[Source "ChessBase"]
[SourceDate "2016.10.25"]
[SourceVersion "1"]
[SourceVersionDate "2016.10.25"]
[SourceQuality "1"]
[WhiteTeam "Downend & Fishponds"]
[BlackTeam "Grantham Sharks II"]
[WhiteTeamCountry "ENG"]
[BlackTeamCountry "ENG"]

1. d4 Nf6 2. c4 e6 3. g3 c5 4. Nf3 d5 5. cxd5 exd5 6. Bg2 Nc6 7. Nc3 Be7 8. 0-0 0-0 9. Bg5 c4 10. Ne5 Be6 11. Nxc6 bxc6 12. b3 Qa5 13. Bd2 Bb4 14. Qc2 Rfd8 15. a3 Bxc3 16. Bxc3 cxb3 17. Bxa5 bxc2 18. Bxd8 Rxd8 19. Rfc1 Bf5 20. e4 Nxe4 21. Rxc2 Nxg3 22. Rb2 Nh5 23. Rb7 Nf4 24. Re1 Ne6 25. Rd1 a5 26. Rd2 h5 27. Rb6 Rc8 28. Ra6 c5 29. dxc5 Rxc5 30. h3 d4 31. Bf1 g6 32. Kh2 Bc2 33. Bd3 Bb3 34. Rb6 a4 35. Rb4 h4 36. Be4 Rc1 37. Rb5 Ra1 38. Bd5 Bxd5 39. Rxd5 Rxa3 40. R5xd4 Nxd4 41. Rxd4 g5 42. f4 Ra2+ 43. Kh1 a3 44. fxg5 Rb2 45. Rxh4 a2 0-1

[Event "BCF-chT2c 1516 (4NCL)"]
[Site "England"]
[Date "2016.04.30"]
[Round "9.245"]
[White "Moore, Graham J"]
[Black "Willis, Rupert"]
[Result "0-1"]
[WhiteElo "2207"]
[BlackElo "2157"]
[PlyCount "140"]
[EventDate "2015.11.14"]
[EventType "team-swiss"]
[EventRounds "11"]
[EventCountry "ENG"]
[SourceTitle "EXT 2017"]
[Source "ChessBase"]
[SourceDate "2016.10.25"]
[SourceVersion "1"]
[SourceVersionDate "2016.10.25"]
[SourceQuality "1"]
[WhiteTeam "Anglian Avengers"]
[BlackTeam "Grantham Sharks II"]
[WhiteTeamCountry "ENG"]
[BlackTeamCountry "ENG"]

1. e4 e6 2. d4 d5 3. e5 c5 4. c3 Nc6 5. Nf3 Bd7 6. a3 f6 7. Bd3 Qc7 8. Bf4 0-0-0 9. Bg3 f5 10. b4 c4 11. Be2 Nh6 12. Ng5 Be7 13. h4 Rdf8 14. Bf4 Nd8 15. Nd2 Nhf7 16. Ndf3 h6 17. Nxf7 Nxf7 18. h5 Qd8 19. g3 Ng5 20. Qd2 Be8 21. Qe3 Ne4 22. Nd2 Ba4 23. Nf1 Qe8 24. f3 Ng5 25. Qd2 Bd8 26. Ne3 g6 27. hxg6 Qxg6 28. Nc2 Nf7 29. 0-0-0 Bg5 30. Rdg1 Rfg8 31. Kb2 h5 32. Bxg5 Qxg5 33. Qxg5 Nxg5 34. Ne3 Nf7 35. Rh4 Be8 36. f4 Rh7 37. Nf1 Rgh8 38. Rgh1 Nd8 39. Bd1 Nc6 40. Ba4 Nxb4 41. Bxe8 Nd3+ 42. Kc2 Rxe8 43. Rxh5 Rxh5 44. Rxh5 Re7 45. Nd2 Rg7 46. Nf1 Nf2 47. Rh8+ Kc7 48. Re8 Rg6 49. Re7+ Kc6 50. Nd2 Rh6 51. a4 a5 52. Kc1 b5 53. axb5+ Kxb5 54. Rb7+ Kc6 55. Re7 a4 56. Kb2 Nd1+ 57. Ka3 Nxc3 58. Nf3 Ne2 59. Kxa4 Rg6 60. Kb4 c3 61. Kb3 Rxg3 62. Rxe6+ Kb5 63. Rd6 Rxf3 64. Rxd5+ Kc6 65. Rc5+ Kb6 66. Rd5 Rxf4 67. Rd6+ Kc7 68. d5 Nd4+ 69. Ka2 c2 70. Kb2 Rf1 0-1

[Event "BCF-chT2a 1516 (4NCL)"]
[Site "England"]
[Date "2016.01.23"]
[Round "3.235"]
[White "Habershon, Paul F"]
[Black "Willis, Rupert"]
[Result "0-1"]
[WhiteElo "2050"]
[BlackElo "2121"]
[PlyCount "100"]
[EventDate "2015.11.14"]
[EventType "team-tourn"]
[EventRounds "7"]
[EventCountry "ENG"]
[SourceTitle "CBM 170 Extra"]
[Source "ChessBase"]
[SourceDate "2016.02.25"]
[SourceVersion "1"]
[SourceVersionDate "2016.02.25"]
[SourceQuality "1"]
[WhiteTeam "MK Phoenix"]
[BlackTeam "Grantham Sharks II"]
[WhiteTeamCountry "ENG"]
[BlackTeamCountry "ENG"]

1. e4 g6 2. d4 d6 3. c4 Bg7 4. Nc3 Nf6 5. f3 0-0 6. Be3 c5 7. dxc5 dxc5 8. Qxd8 Rxd8 9. Bxc5 Nc6 10. Nge2 Nd7 11. Ba3 Nde5 12. Nf4 Bh6 13. Nfd5 e6 14. Nc7 Rb8 15. Rd1 Bd7 16. N7b5 a6 17. Nd6 Be3 18. Ke2 Ba7 19. Kd2 Nd4 20. Kc1 b5 21. cxb5 axb5 22. Ndxb5 Nxb5 23. Bxb5 Bxb5 24. Rxd8+ Rxd8 25. Nxb5 Be3+ 26. Kb1 Rd2 27. Bb4 Rxg2 28. Rd1 Nxf3 29. Rd8+ Kg7 30. Bc3+ e5 31. a4 Rxh2 32. Nd6 Kf6 33. Nc4 Ba7 34. a5 h5 35. a6 Rh1+ 36. Ka2 h4 37. Rd7 h3 38. Rxa7 h2 39. Rd7 Rf1 40. Ne3 h1Q 41. Nxf1 Qxf1 42. a7 Qa6+ 43. Kb1 g5 44. Rd6+ Qxd6 45. a8Q g4 46. Qh8+ Kg5 47. Kc2 Kf4 48. Qh1 Kxe4 49. Qg2 Qd3+ 50. Kc1 f5 0-1

[Event "BCF-chT2b 1415 (4NCL)"]
[Site "England"]
[Date "2015.02.14"]
[Round "5.8"]
[White "Moss, Guy"]
[Black "Willis, Rupert"]
[Result "1/2-1/2"]
[WhiteElo "2062"]
[BlackElo "2140"]
[PlyCount "72"]
[EventDate "2014.11.15"]
[EventType "team-tourn"]
[EventRounds "7"]
[EventCountry "ENG"]
[SourceTitle "EXT 2016"]
[Source "ChessBase"]
[SourceDate "2015.10.08"]
[SourceVersion "1"]
[SourceVersionDate "2015.10.08"]
[SourceQuality "1"]
[WhiteTeam "Barbican Youth"]
[BlackTeam "Grantham Sharks II"]
[WhiteTeamCountry "ENG"]
[BlackTeamCountry "ENG"]

1. e4 g6 2. d4 Bg7 3. Nf3 d6 4. h3 Nf6 5. Nc3 0-0 6. Be3 a6 7. a4 Nc6 8. Be2 e5 9. dxe5 dxe5 10. Bc4 Qe7 11. 0-0 Qb4 12. Qe2 Qxb2 13. Nd5 Nxd5 14. Bxd5 Qc3 15. Rab1 Nd4 16. Nxd4 exd4 17. Bd2 Qxc2 18. Rbc1 Qxa4 19. Rxc7 Be5 20. Rc4 Qd7 21. Bh6 Re8 22. Qd2 b5 23. Rxd4 Bb7 24. f4 Bg7 25. Bxg7 Kxg7 26. Bb3 Qe7 27. Rd7 Qc5+ 28. Kh2 Re7 29. Bxf7 Rxf7 30. Rc1 Qb6 31. Rxf7+ Kxf7 32. Qd7+ Kf8 33. Rc7 Qf6 34. Rxb7 Qxf4+ 35. Kh1 Qf6 36. e5 Qf1+ 1/2-1/2

[Event "BCF-chT2b 1415 (4NCL)"]
[Site "England"]
[Date "2014.11.15"]
[Round "1.84"]
[White "Clark, Ian C"]
[Black "Willis, Rupert"]
[Result "0-1"]
[WhiteElo "2059"]
[BlackElo "2132"]
[PlyCount "140"]
[EventDate "2014.11.15"]
[EventType "team-tourn"]
[EventRounds "7"]
[EventCountry "ENG"]
[SourceTitle "CBM 163 Extra"]
[Source "ChessBase"]
[SourceDate "2014.12.23"]
[SourceVersion "1"]
[SourceVersionDate "2014.12.23"]
[SourceQuality "1"]
[WhiteTeam "Wessex"]
[BlackTeam "Grantham Sharks II"]
[WhiteTeamCountry "ENG"]
[BlackTeamCountry "ENG"]

1. e4 d6 2. d4 Nf6 3. Nc3 g6 4. Nf3 Bg7 5. Be2 0-0 6. 0-0 Bg4 7. Ne1 Bxe2 8. Qxe2 Nc6 9. Be3 e5 10. d5 Nd4 11. Qd1 c6 12. dxc6 bxc6 13. Nd3 Qe7 14. f3 Rad8 15. Re1 Nh5 16. Ne2 Ne6 17. Nb4 Qb7 18. c3 a5 19. Nd3 d5 20. Qc2 Qe7 21. exd5 cxd5 22. g4 e4 23. fxe4 Nf6 24. Nf2 dxe4 25. Nd4 Nxd4 26. Bxd4 Rxd4 27. cxd4 e3 28. Nd3 Qe4 29. Qe2 Nd5 30. Rad1 Bxd4 31. Rf1 f5 32. gxf5 gxf5 33. Rc1 Kh8 34. Rf3 f4 35. Kf1 Rg8 36. Ne1 Qg6 37. Ng2 Qxg2+ 38. Qxg2 e2+ 39. Kxe2 Rxg2+ 40. Kd3 Be3 41. Rc8+ Kg7 42. Ke4 Rd2 43. Ra8 Nf6+ 44. Kf5 Rd5+ 45. Ke6 Rb5 46. a4 Rxb2 47. Rxa5 Kg6 48. h4 h6 49. Ra6 Ng4 50. h5+ Kg5 51. Ra5+ Kh4 52. Kf5 Rb4 53. Rf1 Kg3 54. Ra8 Kg2 55. Ra1 f3 56. a5 Rf4+ 57. Ke6 f2 58. a6 f1Q 59. Rxf1 Rxf1 60. a7 Rf6+ 61. Kd5 Bxa7 62. Rxa7 Rf5+ 63. Ke4 Rxh5 64. Rg7 Kg3 65. Rg6 Re5+ 66. Kd4 Rg5 67. Ra6 h5 68. Ke4 Nf2+ 69. Ke3 Re5+ 70. Kd2 h4 0-1

[Event "BCF-chT2 1011 (4NCL)"]
[Site "England"]
[Date "2010.11.07"]
[Round "2.77"]
[White "Curtis, John E"]
[Black "Willis, Rupert"]
[Result "1-0"]
[WhiteElo "2123"]
[BlackElo "1978"]
[PlyCount "47"]
[EventDate "2010.11.06"]
[EventType "team-swiss"]
[EventRounds "11"]
[EventCountry "ENG"]
[SourceTitle "EXT 2012"]
[Source "ChessBase"]
[SourceDate "2011.11.24"]
[SourceVersion "1"]
[SourceVersionDate "2011.11.24"]
[SourceQuality "1"]
[WhiteTeam "Bristol"]
[BlackTeam "Sambuca Black Sheep"]
[WhiteTeamCountry "ENG"]
[BlackTeamCountry "ENG"]

1. d4 Nf6 2. Nf3 e6 3. e3 b6 4. Bd3 Bb7 5. Nbd2 c5 6. 0-0 Nc6 7. c3 cxd4 8. exd4 Be7 9. Re1 d6 10. Ne4 0-0 11. Nfg5 Nxe4 12. Nxe4 Qd7 13. Qh5 f5 14. Ng5 Bxg5 15. Bxg5 e5 16. dxe5 dxe5 17. Rad1 Qc7 18. Bc4+ Kh8 19. Re3 Ne7 20. Rh3 h6 21. Bxh6 Qxc4 22. Bxg7+ Kxg7 23. Qh7+ Kf6 24. Rd6+ 1-0

[Event "BCF-chT3 0506 (4NCL)"]
[Site "Birmingham"]
[Date "2006.04.30"]
[Round "10.7"]
[White "Willis, Rupert"]
[Black "Hunt Grubbe, Henry H"]
[Result "0-1"]
[WhiteElo "2100"]
[BlackElo "1985"]
[PlyCount "122"]
[EventDate "2005.10.22"]
[EventType "team"]
[EventRounds "11"]
[EventCountry "ENG"]
[SourceTitle "EXT 2007"]
[Source "ChessBase"]
[SourceDate "2006.11.23"]
[SourceVersion "1"]
[SourceVersionDate "2006.11.23"]
[SourceQuality "1"]
[WhiteTeam "Slough Sharks II"]
[BlackTeam "Bristol II"]
[WhiteTeamCountry "ENG"]
[BlackTeamCountry "ENG"]

1. c4 c6 2. Nf3 d5 3. g3 Nf6 4. Bg2 e6 5. d4 Bd6 6. Nbd2 h6 7. Qc2 Nbd7 8. 0-0 0-0 9. e4 dxe4 10. Nxe4 Nxe4 11. Qxe4 c5 12. Rd1 Qb6 13. b3 cxd4 14. Nxd4 Bc5 15. Be3 Nf6 16. Qh4 e5 17. Nc2 Ng4 18. Bxc5 Qxc5 19. Rd2 Rb8 20. h3 Nf6 21. b4 Qc7 22. Ne3 Be6 23. Rad1 b6 24. a3 Rfd8 25. Bd5 Bxd5 26. cxd5 e4 27. d6 Qc3 28. Rd4 Rd7 29. Qf4 Rbd8 30. a4 Qa3 31. Nc4 Qxa4 32. Ne5 Rb7 33. g4 Qb3 34. d7 Qxh3 35. Qf5 h5 36. Rxe4 hxg4 37. Re3 Qh5 38. Qxh5 Nxh5 39. Nc6 Rdxd7 40. Rxd7 Rxd7 41. b5 Nf6 42. Ra3 Ne8 43. Nxa7 Nc7 44. Nc8 Nxb5 45. Ra8 Kh7 46. Nxb6 Rb7 47. Nc4 f5 48. Ne3 g6 49. Kg2 Nd6 50. Ra4 Rb2 51. Rd4 Nf7 52. Rd7 Kg8 53. Ra7 Ng5 54. Ra4 Kg7 55. Ra7+ Kh6 56. Ra4 Nh3 57. Rxg4 fxg4 58. Nxg4+ Kg5 59. Kxh3 Kf4 60. f3 g5 61. Nh2 Rf2 0-1